000 00353 a2200157 4500
001 48372
020 _a978852628529-3
040 _cAnchieta - Bela Vista
100 _aBraz, Júlio Emílio
240 1 0 _aMeu primeiro amor
_lpor
245 1 0 _aMeu primeiro amor
300 _a
362 0 _a2011
650 4 _aLiteratura infanto-juvenil
942 _cBK
999 _c48372
_d48372